| 000 | 00000nam 2200000za 4500 |
| 001 | 9.827029 |
| 003 | CaOODSP |
| 005 | 20221107144722 |
| 007 | cr ||||||||||| |
| 008 | 161104t20182017oncad ob f000 0 eng d |
| 020 | |a9780660067285 |
| 040 | |aCaOODSP|beng |
| 043 | |an-cn--- |
| 086 | 1 |aM144-275/3-2016E-PDF |
| 245 | 00|aMajor energy retrofit guidelines for commercial and institutional buildings |h[electronic resource] : |boffice buildings. |
| 260 | |a[Ottawa] : |bNatural Resources Canada, |c[2018], c2017. |
| 300 | |aviii, 71 p. : |bcol. charts, col. ill. |
| 500 | |aIssued also in French under title: Directives sur les réaménagements énergétiques majeurs : bâtiments commerciaux et institutionnels : immeubles de bureaux. |
| 504 | |aIncludes bibliographical references. |
| 520 | |a"The Office Buildings Module complements the proven energy retrofit approach outlined in the Principles Module (M144-268/2016E-PDF). This module, which should be considered as a companion document to the Principles Module, discusses strategies, priorities and opportunities specific to office buildings"--P. 1. |
| 693 | 4|aOffice buildings |
| 693 | 4|aEnergy efficiency |
| 693 | 4|aEnergy conservation |
| 710 | 1 |aCanada. |bNatural Resources Canada. |
| 710 | 1 |aCanada. |bOffice of Energy Efficiency. |
| 775 | 08|tDirectives sur les réaménagements énergétiques majeurs |w(CaOODSP)9.827030 |
| 856 | 40|qPDF|s1.41 MB|uhttps://publications.gc.ca/collections/collection_2018/rncan-nrcan/M144-275-3-2016-eng.pdf |